| 000 | 00981nam a22002897a 4500 | ||
|---|---|---|---|
| 003 | CHAP | ||
| 005 | 20220329140850.0 | ||
| 008 | 971013s1971 r 10010 d | ||
| 010 | _a58905 | ||
| 011 | _a59877 | ||
| 035 | _a64037 | ||
| 040 | _cCHAP | ||
| 082 |
_a630.72 _bR43 1970 |
||
| 111 | 0 | 0 |
_aReunión Informativa del Proyecto Durango de Investigación Agrícola ( _n2 _d: 1971 _c: Durango, Dgo.) _996375 |
| 245 | _aMemoria | ||
| 260 |
_a(s.l.) : _bINIA. Centro de Investigaciones Agrícolas del Noroeste, _c1971 |
||
| 300 | _apág. varía. | ||
| 590 |
_aBATCH-UPD _b10 _c20130110 _lUCH01 _h0524 |
||
| 590 |
_aBATCH-UPD _b10 _c20130410 _lUCH01 _h0204 |
||
| 590 |
_aBATCH-UPD _b10 _c20130914 _lUCH01 _h0050 |
||
| 590 |
_aCONVERSION _b10 _c20130109 _lUCH01 _h1332 |
||
| 650 | 1 | 4 |
_aAgricultura _xDurango. _91407 |
| 650 | 1 | 4 |
_aAgricultura _xInvestigacion _xDurango. _91619 |
| 901 | _aBK | ||
| 942 | _cLIBRO | ||
| 949 |
_a630.72 R43 1970 _bBC _cLIBRO _d33724000043709 _eLIBRO _h44306 _i64037 _si |
||
| 999 |
_c58905 _d58905 |
||